00345nam a2200121Ia 4500003000400000008004100004040001600045082002000061100001900081245007200100260004100172300001000213GCL140319s9999 xx 000 0 eng d aGCL / cGCL04aCCb309.62bM L1 aMONTET, PIERRE10aLA VIE QUOTIDIENNE EN EGYPTE AU TEMPS DES RAMSES / cMONTET, PIERRE a[S.N] : bLIBAIRE HACHETTE ، c1946 a348 P